000 005110000a22001930004500
001 001849
003 MACL
005 20150919132613.0
008 150919b xxu||||| |||| 00| 0 eng d
040 _aMACL
_cMACL
041 _aEnglish
082 _a826/LOG
100 _aLocke, J. Courtenay
_912015
245 _aThe First Englishmen in india
_cJ. Courtenay Locke
260 _aNew Delhi
_c1997
_bMunshiram Manoharlal Publishers,
350 _a325
650 _aEnglish Letters
_911973
942 _k826
_cBK
_2ddc
999 _c13765
_d13765